Penghasilan dan penilaian modul pengajaran kendiri nilai semangat bermasyarakat untuk pendidikan moral tingkatan empat /
Saved in:
| 主要作者: | |
|---|---|
| 格式: | Thesis 圖書 |
| 語言: | Malay |
| 出版: |
2003.
|
| 主題: | |
| 在線閱讀: | http://studentsrepo.um.edu.my/id/eprint/1750 |
| 標簽: |
添加標簽
沒有標簽, 成為第一個標記此記錄!
|
| LEADER | 01340cam a2200289 a 4500 | ||
|---|---|---|---|
| 001 | u712608 | ||
| 003 | SIRSI | ||
| 008 | 050927s2003 my t 000 0 may m | ||
| 040 | |a UMM |d UMD | ||
| 043 | |a a-my-se | ||
| 090 | |a LB7 |b UM 2003 Cha | ||
| 100 | 0 | 0 | |a Chandrika Sivadasan |
| 245 | 1 | 0 | |a Penghasilan dan penilaian modul pengajaran kendiri nilai semangat bermasyarakat untuk pendidikan moral tingkatan empat / |c Chandrika a/p Sivadasan. |
| 260 | |c 2003. | ||
| 300 | |a x, 114, [15] leaves : |b ill. ; |c 30 cm. | ||
| 502 | |a Dissertation (M.Ed.) -- Fakulti Pendidikan, Universiti Malaya, 2004. | ||
| 504 | |a Bibliography: leaves 106-114. | ||
| 650 | 0 | |a Moral education (Secondary) |z Selangor | |
| 650 | 0 | |a Community life |x Study and teaching (Secondary) |z Selangor | |
| 650 | 0 | |a Individualized instruction |z Selangor |x Evaluation | |
| 710 | 2 | 0 | |a Universiti Malaya. |b Fakulti Pendidikan. |
| 856 | |f IARC:A511963665 | ||
| 856 | 4 | 1 | |u http://studentsrepo.um.edu.my/id/eprint/1750 |
| 596 | |a 1 8 | ||
| 999 | |a LB7 UM 2003 CHA |w LC |c 1 |i A511937827 |d 1/6/2017 |e 1/6/2017 |f 18/1/2006 |g 1 |l STACKS |m P01UTAMA |n 36 |r Y |s Y |t TESIS |u 16/1/2006 | ||
| 999 | |a LB7 UM 2003 CHA |w LC |c 1 |i A511594546 |d 23/1/2006 |f 23/1/2006 |g 1 |l STACKS |m P08PENDIDI |r Y |s Y |t TESIS |u 23/1/2006 | ||
| 999 | |a LB7 UM 2003 CHA |w LC |c 2 |i A516378686 |d 8/2/2018 |f 8/2/2018 |g 1 |l STACKS |m P08PENDIDI |r Y |s Y |t TESIS |u 8/2/2018 |1 AHSS | ||
